Statistics for Pi Digits #01 1-100

Click here to take the quiz!

General Stats

  • This quiz has been taken 158 times
  • The average score is 15 of 20

Answer Stats

Digits% Correct
14159
97%
26535
92%
89793
87%
23846
85%
26433
82%
41971
77%
50288
77%
83279
77%
69399
72%
37510
69%
58209
69%
59230
69%
74944
69%
78164
67%
06286
64%
20899
62%
34211
62%
34825
62%
70679
62%
86280
62%

Score Distribution

Percentile by Number Answered

Percent of People with Each Score

Your Score History

You have not taken this quiz